Baker's Wife Monologue - Into the Woods - Statistics

General Stats
  • This quiz has been taken 49 times
  • The average score is 51 of 215
Answer Stats
Answer % Correct
I
100%
a
50%
A
50%
a
50%
a
50%
a
50%
and
50%
I
50%
I
50%
I
50%
The
50%
a
33%
a
33%
ache
33%
And
33%
be
33%
be
33%
But
33%
But
33%
cannot
33%
clever.
33%
curses,
33%
deals
33%
did
33%
every
33%
family
33%
feels
33%
fix.
33%
fragile,
33%
from
33%
hands
33%
here.
33%
hold
33%
husband
33%
I
33%
I
33%
I
33%
I
33%
I
33%
I
33%
I
33%
I
33%
I
33%
I
33%
I
33%
I
33%
I
33%
in
33%
in
33%
in
33%
is
33%
is
33%
it
33%
kitchen
33%
life
33%
like
33%
made
33%
my
33%
my
33%
not
33%
plan
33%
secrets,
33%
sense.
33%
sense
33%
solid.
33%
something
33%
stranger
33%
strong.
33%
that
33%
the
33%
the
33%
the
33%
the
33%
the
33%
the
33%
the
33%
the
33%
things
33%
to
33%
to
33%
to
33%
together
33%
tried,
33%
try
33%
try
33%
try
33%
wanted
33%
warm,
33%
where
33%
who
33%
work.
33%
world
33%
world
33%
worry
33%
you
33%
a
17%
afraid.
17%
against
17%
ahead.
17%
am
17%
am
17%
and
17%
And
17%
But
17%
But
17%
cannot
17%
cannot
17%
cannot
17%
choices
17%
costs
17%
costs
17%
costs
17%
could
17%
could
17%
could
17%
curse.
17%
day,
17%
debt
17%
do
17%
does
17%
dream
17%
even
17%
even
17%
even
17%
every
17%
every
17%
everything.
17%
Everything
17%
everything.
17%
family.
17%
fear
17%
feels
17%
fight
17%
forward,
17%
gone.
17%
have
17%
have
17%
heartbeat
17%
him,
17%
hour,
17%
I
17%
I
17%
if
17%
if
17%
if
17%
it
17%
it
17%
it
17%
it
17%
just
17%
just
17%
knives.
17%
know
17%
let
17%
life
17%
like
17%
like
17%
me,
17%
moment.
17%
morning
17%
move
17%
move
17%
nights
17%
Not
17%
Not
17%
not
17%
not
17%
of
17%
one
17%
path
17%
pay.
17%
promise
17%
protect,
17%
rule
17%
see
17%
see
17%
snap.
17%
Some
17%
stop.
17%
survive,
17%
take
17%
that
17%
the
17%
then
17%
thought
17%
tired.
17%
to
17%
to
17%
to
17%
waiting
17%
weigh
17%
where
17%
Where
17%
world
17%
wrong
17%
bargaining,
0%
burden,
0%
comes,
0%
dangerous
0%
Even
0%
have
0%
hope
0%
hoping,
0%
if
0%
is
0%
keep
0%
keep
0%
keep
0%
know
0%
same
0%
thing.
0%
to
0%
to
0%
wake
0%
walking,
0%
No matching quizzes found
Score Distribution
Percent of People with Each Score
Percentile by Number Answered
Your Score History
You have not taken this quiz